Quizzes
Events
Quiz Creation
Community
Videos
Private Events
Remove Ads
Sign In
Join for FREE
Feedback
Dark Mode
Quiz Categories
Sports
Geography
Music
Movies
Television
Just For Fun
Miscellaneous
History
Literature
Language
Science
Gaming
Entertainment
Religion
Holiday
For Kids
Quiz Lab
Recent
Popular Today
Quiz Kudos Today
Editor Picks
Curator Picks
Quizzes by...
Day
Popularity
Type
Ratings
Length
Year
Community
Subscriptions
Recent Discussions
Orange Saloon
Badges
Playlists
Quests
Create
Leaderboards
Showdown
Live 5
Trivia Bingo
Activity
Puzzle Library
Sporcle Events
Private Events
Virtual Trivia
Globe League
Become a Host
Pub Owners
SporcleCon
Opinionation
Our Games
Videos
Blog
Mobile Apps
Partnerships
Remove Ads and Go Orange
Feedback
Geography
Country
Landmarks
City
State
Population
World
Capital
Continent
Flags
Europe
Africa
Asia
South America
North America
Oceania
Border
Canada
United Kingdom
Topography
United States
Geography
Country
Landmarks
City
State
Population
World
Capital
Continent
Flags
Europe
Africa
Asia
South America
North America
Oceania
Border
Canada
United Kingdom
Topography
United States
Random Quiz
Search Sporcle
×
Quiz Lab
Quiz Lab
Geography
Letter
Type in answers that appear in a list
Type in answers that appear in a list
Classic
Best Score? Go Orange.
Countries with Unique Starts Stats
Can you name the countries that start with unique two letter pairs?
By
oldkent
5m
58 Questions
319 Plays
319 Plays
319 Plays
Comments
Comments
Give Quiz Kudos
Give Quiz Kudos
-
- Ratings
hide this ad
Replay
Link that replays current quiz
Next Quiz
Link to next quiz in quiz playlist
You Got
0%
They Got
Avg Score
60%
Avg Friend Score
Upgrade to see
Score Distribution
Jump to the score distribution portion of the page
Score
0/58
Timer
05:00
0
Plays Today
% Correct
Kyrgyzstan
79.3%
Oman
79.3%
Qatar
78.7%
Yemen
78.7%
Azerbaijan
72.7%
Afghanistan
72.4%
Zimbabwe
72.4%
Iceland
71.8%
Uzbekistan
71.8%
Zambia
71.5%
France
71.2%
Israel
70.5%
Jordan
69%
Kazakhstan
69%
Kiribati
69%
Djibouti
68%
Uruguay
65.5%
Russia
65.2%
Vietnam
64.9%
Rwanda
64.3%
Italy
63.9%
Venezuela
63.6%
Egypt
63.3%
Kuwait
63%
Estonia
62.7%
Kenya
61.4%
Honduras
61.1%
Mexico
61.1%
Cyprus
60.5%
% Correct
Czech Republic
60.5%
Eritrea
60.2%
Haiti
59.9%
Kosovo
59.6%
Hungary
59.2%
Ecuador
58%
Bhutan
57.7%
Ukraine
57.4%
Myanmar
57.1%
Peru
55.8%
Syria
55.5%
El Salvador
54.9%
Uganda
54.9%
Spain
54.5%
Cuba
53.6%
Luxembourg
53.6%
Ghana
53.3%
Ethiopia
53%
Romania
51.7%
Equatorial Guinea
50.8%
Philippines
50.2%
Sri Lanka
49.8%
Thailand
48%
Croatia
47.3%
Trinidad and Tobago
43.3%
Timor-Leste
39.8%
Central African Republic
36.1%
Micronesia
33.2%
Republic of the Congo
32%
Quiz Playlist
Details
Report
Send in Message
Add To Playlist
Classic:
Type in answers that appear in a list
Last Updated: Feb 16, 2017
Quiz Scoreboard
CHALLENGE
Sign Up to Join the Scoreboard
Show All
Scores
Hide
Comments
May contain spoilers
Recently Published
Click the 1999 NBA Draft
by nibperrychub
Sports
2m
Alphabetical 'K' Countries by Flag Minefield
by ylime102
Geography
3m
Pick 6: Fruits
by JohnFran
Miscellaneous
15s
More to Explore
Quiz From the Vault
Featured Blog Post
15 Basketball Trivia Facts You Can Be March Mad About
hide this ad
You Might Also Like...
Tags
Country Quiz
Letter Quiz
start
Unique
Today's Top Quizzes in Geography
Browse Geography
hide this ad
Today's Top Quizzes in Letter
Browse Letter
Top Contributed Quizzes in Geography
1
Complete the Map Snippet (Minefield) IX
2
Countries of the World - No Outlines Minefield
3
Alphabetical 'B' Countries by Flag Minefield
4
Find the Landmarks A-Z
5
Alphabetical 'L' Countries By Flag Minefield
6
Countries of Africa - No Outlines, No Skips Minefield
7
Alphabetical 'A' Countries by Flag Minefield
8
Pick 6: Mountains
9
30 Pics in 60: Landmarks
10
Alphabetical 'N' Countries by Flag Minefield
Explore More
Trending Topics
Marvel
NBA
Harry Potter
Anime
Kpop
Crossword
Disney
The Office
WWE
Pokémon
Song
Puzzle
NFL
Country
Soccer
hide this ad
More By:
oldkent
Quiz
Plays
Rating
Category
Featured
Created
Harry Potter: Family Relationships
326,777
4.35
Literature
Apr 5, 2010
Car Brands by Model
251,098
3.87
Miscellaneous
Dec 11, 2009
Mystery Countries!
248,160
4.56
Geography
Jun 16, 2010
Avoid the Fake Bond Title Words
219,524
4.20
Movies
Apr 28, 2013
Harry Potter Characters by Actor
208,497
4.24
Movies
May 28, 2010
Go to Creator's Profile
Score Distribution
Quiz Creator Spotlight
oldkent
Follow
Send a Message
Quizzes Created
-
Created Quiz Play Count
-
More By This Creator
Popular Quizzes Today
1
Find the US States - No Outlines Minefield
2
Countries of Asia Without Outlines Minefield
3
Pick 6: Fruits
4
Alphabetical 'K' Countries by Flag Minefield
5
The Countries of the World
6
Click the 1999 NBA Draft
7
Find the US States
8
Match the Book to the Film X
More Geography Quizzes
'O' Cities by Picture
Published
Trending Quizzes
Pick 6: Harry Potter
Pick 6: Golfers
Pick 6: Movie Franchises
Pick 6: Foods
Pick 6: Landmarks
Recently Updated
Women's Final Four Teams by Year
bhenderson79
Presidents Quartet II
eogle
Anything But Clue(do)
eogle
Anything But Oceanian Capitals
eogle
Anything But 7
eogle
Anything But Thing
eogle
Word Ladder: February 29
pecheneg
Song Title Questions
pecheneg
Women's NCAA Tournament #1 Seeds
pecheneg
Celebrity Mug Shots
pecheneg
Trending Topics
Crossword
Anime
Marvel
Disney
NBA
Kpop
Harry Potter
The Office
NFL
Song
Country
Puzzle
WWE
Soccer
Pokémon
Your Account Isn't Verified!
In order to create a playlist on Sporcle, you need to verify the email address you used during registration. Go to your
Sporcle Settings
to finish the process.
Report this User
Report this user for behavior that violates our
Community Guidelines
.
Details:
Send Report
Go to the Sporcle.com Mobile Site →
Comments